000 00312nam a2200121Ia 4500
008 240731s9999 xx 000 0 und d
022 _a1743-2847
245 0 _aMaterials Science and Technology
260 _bTaylor & Francis
856 _uhttps://www.tandfonline.com/loi/ymst20
942 _2ddc
942 _cTFEJ
999 _c78492
_d78492
945 _a1
_bMadushi Gamage
_c1
_dMadushi Gamage